Strzelcy bramek w 2 kolejce Ekstraklasy 2020/21 - Statystyki

Ogólne statystyki
  • Ten quiz został rozwiązany 12 razy
  • Średni wynik to 11 z 23
Statystyki odpowiedzi
Hint Odpowiedź % Poprawnych
Legia Warszawa - Jagiellonia Białystok 0:2 Imaz
73%
Legia Warszawa - Jagiellonia Białystok 1:2 Pekhart
73%
Zagłębie Lubin - Warta Poznań 1:0 Bohar
64%
Lech Poznań - Wisła Płock 1:1 Ishak
64%
Lech Poznań - Wisła Płock 2:1 Kamiński
64%
Wisła Kraków - Śląsk Wrocław 0:1 Pich
64%
Wisła Kraków - Śląsk Wrocław 1:2 Pich
64%
Lechia Gdańsk - Raków Częstochowa 1:1 Cebula
55%
Lechia Gdańsk - Raków Częstochowa 1:2 Gutkovskis
55%
Lechia Gdańsk - Raków Częstochowa 1:3 Gutkovskis
55%
Stal Mielec - Górnik Zabrze 0:2 Manneh
55%
Wisła Kraków - Śląsk Wrocław 1:3 Sobota
55%
Lech Poznań - Wisła Płock 0:1 Szwoch
55%
Podbeskidzie - Cracovia 1:0 Danielak
45%
Stal Mielec - Górnik Zabrze 0:1 Bochniewicz
36%
Piast Gliwice - Pogoń Szczecin 0:1 Gorgon
36%
Wisła Kraków - Śląsk Wrocław 1:1 (Bramka samobójcza) Pawelec
36%
Legia Warszawa - Jagiellonia Białystok 0:1 Puljic
36%
Lechia Gdańsk - Raków Częstochowa 1:0 Haydary
18%
Podbeskidzie - Cracovia 1:1 Jablonsky
18%
Podbeskidzie - Cracovia 2:1 Komor
18%
Lech Poznań - Wisła Płock 2:2 Tuszyński
18%
Podbeskidzie - Cracovia 2:2 Vestenicky
18%
Nie znaleziono quizów pasujących do podanych kryteriów
Rozkład punktacji
Procent ludzi z każdym wynikiem
Percentyl według liczby udzielonych odpowiedzi
Twoja historia wyników
Nie rozwiązałeś tego quizu